Statistics for Formula 1: Driver in 3 Decades

Click here to take the quiz!

General Stats

  • This quiz has been taken 245 times
  • The average score is 14 of 22

Answer Stats

AnswerDecadesCountry% Correct
Fernando Alonso00s, 10s, 20sSpain
96%
Lewis Hamilton00s, 10s, 20sUnited Kingdom
93%
Sebastian Vettel00s, 10s, 20sGermany
92%
Kimi Räikkönen00s, 10s, 20sFinland
91%
Michael Schumacher90s, 00s, 10sGermany
87%
Rubens Barrichello90s, 00s, 10sBrazil
84%
Jack Brabham50s, 60s, 70sAustralia
83%
Romain Grosjean00s, 10s, 20sFrance
79%
Graham Hill50s, 60s, 70sUnited Kingdom
72%
Nelson Piquet70s, 80s, 90sBrazil
72%
Mario Andretti60s, 70s, 80sUnited States
71%
Jarno Trulli90s, 00s, 10sItaly
67%
Bruce McLaren50s, 60s, 70sNew Zealand
65%
Pedro de la Rosa90s, 00s, 10sSpain
61%
John Alesi80s, 90s, 00sFrance
58%
Riccardo Patrese70s, 80s, 90sItaly
58%
Johnny Herbert80s, 90s, 00sUnited Kingdom
39%
Jo Bonnier50s, 60s, 70sSweden
38%
Dan Gurney50s, 60s, 70sUnited States
35%
Jan Lammers70s, 80s, 90sNetherlands
16%
Bruno Giacomelli70s, 80s, 90sItaly
8%
Pete Lovely50s, 60s, 70sUnited States
1%

Score Distribution

Percentile by Number Answered

Percent of People with Each Score

Your Score History

You have not taken this quiz